Čo si myslia dokumentaristi?

Bibliographic Details
Main Author: (sim) (Author)
Format: Article
Language:Slovak
ISSN:1335-8286
Subjects:

MARC

LEADER 00000nab a2200000 a 4500
001 vtls000862400
003 SK-MaSNL
005 20260302171821.0
008 180205c2004 xo 0 slo
015 |a SNBRB2004/02-04521 
035 |a CLN000213983 
040 |a SNKBUCL  |b slo  |c SNKBUCL  |e AACR2 
041 0 |a slo 
044 |a xo  |c SK 
080 |a 791.43-9(437.6)  |2 UDC-MRF-SK2 
100 0 |a (sim)  |4 aut  |9 838485 
245 1 0 |a Čo si myslia dokumentaristi?  |c [spracovala] (sim) 
650 0 7 |a film dokumentárny slovenský  |2 snkbucl  |9 852741 
655 7 |a články z novín a časopisov  |2 snkbucl  |9 267496 
773 0 |x 1335-8286  |t Film.sk  |g Roč. 5, č. 2 (2004), s. 25 
850 |a Slovenská národná knižnica v Martine 
852 |a SNK  |b KIS3GCP 
958 |a RBX 
999 |c 1397021  |d 1398951